[Event "Madrid-ch Veteranos 2016/2017"]
[Site "Madrid ESP"]
[Date "2017.01.13"]
[Round "5.23"]
[White "Ghavami, Mahmoud"]
[Black "De Juan Rivas, Antonio"]
[Result "1/2-1/2"]
[WhiteElo "1566"]
[BlackElo "1682"]
[PlyCount "52"]
[EventDate "2017.01.09"]
[EventType "swiss"]
[EventRounds "9"]
[EventCountry "ESP"]
[SourceTitle "Ajedrez en Madrid"]
[Source "lmi"]
[SourceDate "2017.01.09"]

1. d4 Nf6 2. Bf4 g6 3. Nf3 d6 4. e3 Bg7 5. Bd3 O-O 6. h3 Nc6 7. c3 Nd5 8. Bh2
e5 9. dxe5 dxe5 10. Be4 Be6 11. O-O f5 12. Bc2 Nb6 13. Bb3 Qe7 14. Nbd2 Rad8
15. Bxe6+ Qxe6 16. Qb3 Qxb3 17. Nxb3 Nc4 18. Nc5 Rd5 19. Ne6 Rf7 20. Nxg7 Kxg7
21. Rfd1 Rfd7 22. Rxd5 Rxd5 23. b3 Nb2 24. Kf1 Kf6 25. Ke2 e4 26. Ne1 Ne5
1/2-1/2

[Event "Madrid-ch Veteranos 2016/2017"]
[Site "Madrid ESP"]
[Date "2017.01.13"]
[Round "5.24"]
[White "Osuna Osuna, Francisco"]
[Black "Martinez Pintor, Juan"]
[Result "1-0"]
[WhiteElo "1488"]
[BlackElo "1664"]
[PlyCount "85"]
[EventDate "2017.01.09"]
[EventType "swiss"]
[EventRounds "9"]
[EventCountry "ESP"]
[SourceTitle "Ajedrez en Madrid"]
[Source "lmi"]
[SourceDate "2017.01.09"]

1. e4 e6 2. d3 d5 3. Nd2 Nf6 4. g3 Be7 5. Bg2 c5 6. Ngf3 Nc6 7. O-O b5 8. c3
Bb7 9. Re1 dxe4 10. dxe4 e5 11. a4 b4 12. cxb4 cxb4 13. Qe2 O-O 14. b3 a5 15.
Bb2 Nd4 16. Nxd4 exd4 17. Qd3 Bc5 18. f3 Ne8 19. e5 Ba6 20. Nc4 Nc7 21. f4 Rc8
22. Bh3 Rb8 23. Re4 Bb7 24. Ree1 Qd5 25. Kf2 Ba6 26. Bg2 Qd8 27. Be4 g6 28. Kf1
f5 29. Bf3 Ne6 30. h4 Ba7 31. Rac1 Nc5 32. Qd1 d3 33. Nd2 Qb6 34. Bd5+ Kg7 35.
e6+ Kh6 36. g4 fxg4 37. Qxg4 Rf5 38. Qg2 Rxf4+ 39. Bf3 Rf5 40. Re5 Rbf8 41.
Rxf5 Rxf5 42. e7 Qf6 43. Bxf6 1-0

[Event "Madrid-ch Veteranos 2016/2017"]
[Site "Madrid ESP"]
[Date "2017.01.13"]
[Round "5.25"]
[White "Martin-Consuegra Barrilero, Francisco Javier"]
[Black "Ballesteros Jimenez, Miguel Angel"]
[Result "1-0"]
[WhiteElo "1855"]
[BlackElo "1585"]
[PlyCount "57"]
[EventDate "2017.01.09"]
[EventType "swiss"]
[EventRounds "9"]
[EventCountry "ESP"]
[SourceTitle "Ajedrez en Madrid"]
[Source "lmi"]
[SourceDate "2017.01.09"]

1. d4 Nf6 2. Nf3 e6 3. a3 c5 4. c3 b6 5. e3 Bb7 6. Bd3 cxd4 7. exd4 Be7 8. O-O
O-O 9. Re1 Re8 10. Nbd2 d6 11. Nc4 Nbd7 12. h3 Ba6 13. Nxd6 Bxd3 14. Nxe8 Bg6
15. Nxf6+ Nxf6 16. Ne5 Rc8 17. Nxg6 hxg6 18. Qf3 Nd5 19. Bd2 Bf6 20. Re2 Qd7
21. Rae1 a6 22. Be3 b5 23. Rc1 a5 24. Rec2 Nb6 25. b3 Qe7 26. c4 Qxa3 27. Qb7
Qd6 28. c5 Rb8 29. Qe4 1-0

[Event "Madrid-ch Veteranos 2016/2017"]
[Site "Madrid ESP"]
[Date "2017.01.13"]
[Round "5.26"]
[White "Benitez Cadenas, Luis Miguel"]
[Black "Hernandez Gutierrez, Jose"]
[Result "0-1"]
[WhiteElo "1595"]
[BlackElo "1816"]
[PlyCount "30"]
[EventDate "2017.01.09"]
[EventType "swiss"]
[EventRounds "9"]
[EventCountry "ESP"]
[SourceTitle "Ajedrez en Madrid"]
[Source "lmi"]
[SourceDate "2017.01.09"]

1. d4 d5 2. c4 e6 3. cxd5 exd5 4. Nc3 Nf6 5. Bg5 c6 6. e3 Bf5 7. Nf3 Be7 8. Bd3
Bxd3 9. Qxd3 O-O 10. O-O Nbd7 11. b4 Bxb4 12. Rab1 Bxc3 13. Qxc3 Ne4 14. Rxb7
Nxc3 15. Bxd8 Rfxd8 0-1

[Event "Madrid-ch Veteranos 2016/2017"]
[Site "Madrid ESP"]
[Date "2017.01.13"]
[Round "5.27"]
[White "Perez Ramos, Miguel Angel"]
[Black "Hernandez Garcia, Carlos"]
[Result "0-1"]
[WhiteElo "1188"]
[BlackElo "1735"]
[PlyCount "64"]
[EventDate "2017.01.09"]
[EventType "swiss"]
[EventRounds "9"]
[EventCountry "ESP"]
[SourceTitle "Ajedrez en Madrid"]
[Source "lmi"]
[SourceDate "2017.01.09"]

1. e4 c5 2. Nf3 d6 3. Be2 Nf6 4. d3 Nc6 5. O-O e6 6. c3 Be7 7. Be3 Qc7 8. Bf4
O-O 9. Nbd2 e5 10. Be3 d5 11. Nb3 dxe4 12. Ng5 exd3 13. Bxd3 h6 14. Ne4 b6 15.
Qc2 Be6 16. Nxf6+ Bxf6 17. Be4 Be7 18. Nd2 f5 19. Bxc6 Qxc6 20. Nf3 Bf6 21. Qc1
f4 22. Bd2 e4 23. Ne1 Bc4 24. Bxf4 Bxf1 25. Kxf1 Rad8 26. Qe3 Rd7 27. Qg3 g5
28. Be5 Qb5+ 29. Kg1 Qxb2 30. Bxf6 Rxf6 31. Qb8+ Rf8 32. Qe5 Qxf2+ 0-1

[Event "Madrid-ch Veteranos 2016/2017"]
[Site "Madrid ESP"]
[Date "2017.01.13"]
[Round "5.28"]
[White "Martinez Martinez, Javier Ii"]
[Black "Martin Rodriguez, Jose Luis"]
[Result "1/2-1/2"]
[WhiteElo "1711"]
[BlackElo "1327"]
[PlyCount "58"]
[EventDate "2017.01.09"]
[EventType "swiss"]
[EventRounds "9"]
[EventCountry "ESP"]
[SourceTitle "Ajedrez en Madrid"]
[Source "lmi"]
[SourceDate "2017.01.09"]

1. d4 Nf6 2. Bg5 Ne4 3. Bh4 d5 4. f3 Nf6 5. Nc3 c6 6. e4 dxe4 7. fxe4 Qb6 8.
Bxf6 exf6 9. Bc4 Be6 10. Bxe6 fxe6 11. Nge2 c5 12. d5 Nd7 13. Nf4 exd5 14.
Nfxd5 Qd8 15. Qe2 Ne5 16. O-O-O a6 17. Nf4 Qc7 18. Rd2 Bd6 19. g3 Kf7 20. Rhd1
Rad8 21. h3 c4 22. Kb1 Be7 23. Nfd5 Qc5 24. Nxe7 Qxe7 25. Kc1 b5 26. Rxd8 Rxd8
27. Rxd8 Qxd8 28. Qe3 Qd6 29. a3 Nd7 1/2-1/2

[Event "Madrid-ch Veteranos 2016/2017"]
[Site "Madrid ESP"]
[Date "2017.01.13"]
[Round "5.29"]
[White "Cupeiro Fernandez, Manuel"]
[Black "Villodre Miranda, Juan Alonso"]
[Result "1/2-1/2"]
[WhiteElo "1525"]
[BlackElo "1652"]
[PlyCount "113"]
[EventDate "2017.01.09"]
[EventType "swiss"]
[EventRounds "9"]
[EventCountry "ESP"]
[SourceTitle "Ajedrez en Madrid"]
[Source "lmi"]
[SourceDate "2017.01.09"]

1. e4 c5 2. Nf3 d6 3. d4 cxd4 4. Nxd4 Nf6 5. Nc3 a6 6. h3 e6 7. Bd3 Be7 8. O-O
h6 9. Be3 b5 10. a3 O-O 11. Nce2 Bb7 12. Ng3 Nbd7 13. Rc1 Nc5 14. b4 Ncxe4 15.
Nxe4 Bxe4 16. Bxe4 Nxe4 17. Qg4 Nf6 18. Qg3 Kh7 19. Nc6 Qd7 20. Nxe7 Qxe7 21.
Qf3 Nd5 22. c4 Nxe3 23. Qxe3 bxc4 24. Rxc4 Rfc8 25. Rfc1 Qd7 26. Rxc8 Rxc8 27.
Rxc8 Qxc8 28. Qd3+ g6 29. Qxd6 Qc1+ 30. Kh2 Qxa3 31. Qf8 h5 32. Qxf7+ Kh6 33.
Qxe6 Qxb4 34. Qxa6 Qf4+ 35. Kg1 Qc1+ 36. Qf1 Qf4 37. Qe1 Qf8 38. Qe3+ Kg7 39.
Qa7+ Kh6 40. g3 Qf5 41. Qe3+ Kg7 42. h4 Qb1+ 43. Kh2 Qc2 44. Qe5+ Kf7 45. Qf4+
Kg7 46. Kg2 Qc6+ 47. Qf3 Qc2 48. g4 hxg4 49. Qxg4 Qc6+ 50. Kg3 Qd6+ 51. Qf4
Qd3+ 52. Qe3 Qd6+ 53. f4 Kh6 54. Kg4 Qd7+ 55. f5+ Kh7 56. Qe6 gxf5+ 57. Qxf5+
1/2-1/2

[Event "Madrid-ch Veteranos 2016/2017"]
[Site "Madrid ESP"]
[Date "2017.01.13"]
[Round "5.30"]
[White "Martinez Carrasco, Jesus"]
[Black "Perales Hernandez, Manuel"]
[Result "0-1"]
[WhiteElo "1636"]
[BlackElo "1306"]
[PlyCount "70"]
[EventDate "2017.01.09"]
[EventType "swiss"]
[EventRounds "9"]
[EventCountry "ESP"]
[SourceTitle "Ajedrez en Madrid"]
[Source "lmi"]
[SourceDate "2017.01.09"]

1. d4 d5 2. c4 b6 3. e3 Nf6 4. h3 Ba6 5. b3 e6 6. Bd2 Ne4 7. Nf3 Nc6 8. Bd3 Nd6
9. Qc2 Qf6 10. O-O Nb7 11. a3 Bd6 12. Bc3 Nbd8 13. Re1 Nb7 14. e4 dxe4 15. Bxe4
Ne7 16. Nbd2 O-O-O 17. b4 b5 18. c5 Bf4 19. Nb3 Qh6 20. Ne5 Bxe5 21. dxe5 f5
22. exf6 gxf6 23. Bxb7+ Bxb7 24. Rxe6 Rhg8 25. Rxe7 Qxh3 26. Kf1 Qxg2+ 27. Ke1
Bf3 28. Qf5+ Kb8 29. Nd4 Qg1+ 30. Kd2 Qxf2+ 31. Kd3 Rg3 32. Rae1 Bg4+ 33. Ke4
Bxf5+ 34. Nxf5 Rxc3 35. Re3 Rc4+ 0-1

[Event "Madrid-ch Veteranos 2016/2017"]
[Site "Madrid ESP"]
[Date "2017.01.13"]
[Round "5.31"]
[White "Sierra Garcia, Ricardo"]
[Black "Suarez Mencia, Roberto"]
[Result "0-1"]
[WhiteElo "1454"]
[BlackElo "1433"]
[PlyCount "74"]
[EventDate "2017.01.09"]
[EventType "swiss"]
[EventRounds "9"]
[EventCountry "ESP"]
[SourceTitle "Ajedrez en Madrid"]
[Source "lmi"]
[SourceDate "2017.01.09"]

1. e4 c5 2. Nf3 Nc6 3. d4 cxd4 4. Nxd4 Nf6 5. Nc3 e5 6. Nb3 Bb4 7. Bd3 Bxc3+ 8.
bxc3 d5 9. Bg5 dxe4 10. Bxf6 Qxf6 11. Bxe4 Ne7 12. O-O O-O 13. Nc5 Rb8 14. Qf3
Qxf3 15. Bxf3 b6 16. Rab1 Rd8 17. Nd3 Bf5 18. Nb4 Rd2 19. Rb2 Rc8 20. Rd1 Rxd1+
21. Bxd1 g6 22. g4 Be6 23. Nd3 e4 24. Nf4 Bd7 25. h3 Rxc3 26. Rb3 Rxb3 27. cxb3
Nc6 28. Nd5 Kg7 29. Bc2 f5 30. Kh2 Nd4 31. Bd1 fxg4 32. hxg4 Nb5 33. Kg3 Be6
34. Nf4 Bf7 35. Ne2 Kf6 36. Kf4 Bd5 37. Nc3 Nxc3 0-1

[Event "Madrid-ch Veteranos 2016/2017"]
[Site "Madrid ESP"]
[Date "2017.01.13"]
[Round "5.33"]
[White "Rufo Yebra, Benito"]
[Black "Pastor Diaz, David"]
[Result "1-0"]
[WhiteElo "1352"]
[BlackElo "1368"]
[PlyCount "55"]
[EventDate "2017.01.09"]
[EventType "swiss"]
[EventRounds "9"]
[EventCountry "ESP"]
[SourceTitle "Ajedrez en Madrid"]
[Source "lmi"]
[SourceDate "2017.01.09"]

1. e4 c6 2. Bc4 d5 3. exd5 cxd5 4. Bb3 Nf6 5. d3 e5 6. h3 Be6 7. Nf3 Nbd7 8. c3
Be7 9. Ba4 Qc7 10. Ng5 Bf5 11. g4 Bg6 12. Nf3 e4 13. Nh4 exd3 14. Nxg6 fxg6 15.
Qxd3 Qe5+ 16. Be3 g5 17. Nd2 O-O 18. O-O-O a6 19. Nf3 Qc7 20. h4 Nc5 21. Bxc5
Bxc5 22. hxg5 Qf4+ 23. Kb1 Ne4 24. Qxd5+ Kh8 25. Bc2 Nxc3+ 26. bxc3 h6 27. Ne5
Qxe5 28. Qxe5 1-0

[Event "Madrid-ch Veteranos 2016/2017"]
[Site "Madrid ESP"]
[Date "2017.01.16"]
[Round "6.1"]
[White "Lopez De Turiso, Jose Angel"]
[Black "Elissalt Cardenas, Hector"]
[Result "0-1"]
[WhiteElo "2019"]
[BlackElo "2379"]
[PlyCount "66"]
[EventDate "2017.01.09"]
[EventType "swiss"]
[EventRounds "9"]
[EventCountry "ESP"]
[SourceTitle "Ajedrez en Madrid"]
[Source "lmi"]
[SourceDate "2017.01.09"]

1. Nf3 Nf6 2. c4 e6 3. Nc3 d5 4. cxd5 exd5 5. d4 c6 6. Qc2 Be7 7. Bg5 Na6 8. e3
Nc7 9. Bd3 Ne6 10. Bh4 g6 11. Nd2 Ng7 12. f3 Bf5 13. e4 dxe4 14. fxe4 Ng4 15.
Bxe7 Qxe7 16. Nf1 Bxe4 17. Bxe4 f5 18. Qe2 O-O-O 19. Bf3 Qg5 20. Qd2 Rhe8+ 21.
Ne2 Qe7 22. Rc1 Ne6 23. Rc4 Ne5 24. dxe5 Rxd2 25. Nxd2 Qg5 26. Rc2 Nf4 27. Nxf4
Qxf4 28. Nc4 Kc7 29. O-O Re7 30. a4 g5 31. b3 Qd4+ 32. Kh1 Qd3 33. Rb2 Qxf1#
0-1

[Event "Madrid-ch Veteranos 2016/2017"]
[Site "Madrid ESP"]
[Date "2017.01.16"]
[Round "6.2"]
[White "Nunez Munoz, Jesus"]
[Black "Casares Ripoll, Fernando"]
[Result "1/2-1/2"]
[WhiteElo "2186"]
[BlackElo "2124"]
[PlyCount "134"]
[EventDate "2017.01.09"]
[EventType "swiss"]
[EventRounds "9"]
[EventCountry "ESP"]
[SourceTitle "Ajedrez en Madrid"]
[Source "lmi"]
[SourceDate "2017.01.09"]

1. e4 d5 2. exd5 Nf6 3. d4 Nxd5 4. Nf3 Bg4 5. c4 Nb6 6. Be2 e6 7. O-O Be7 8.
Be3 O-O 9. Nc3 Nc6 10. b3 Qd7 11. h3 Bxf3 12. Bxf3 Rad8 13. d5 exd5 14. Bxb6
axb6 15. Nxd5 Bc5 16. Re1 Nb4 17. Nxb4 Bxb4 18. Qxd7 Rxd7 19. Red1 Rfd8 20.
Rxd7 Rxd7 21. a3 Bc3 22. Ra2 Rd2 23. Rxd2 Bxd2 24. Bxb7 Bc1 25. a4 Ba3 26. Kf1
Kf8 27. Ke2 Ke7 28. Kd3 c5 29. Ke4 Kd6 30. Bd5 Ke7 31. h4 Bb4 32. Bb7 Kd6 33.
f3 Be1 34. h5 h6 35. Ba6 Bd2 36. Kf5 Bc3 37. Bb5 Ke7 38. Bc6 Kd6 39. Bd5 Ke7
40. f4 f6 41. Kg6 Kf8 42. Bf3 Bd2 43. Kf5 Ke7 44. Ke4 Kd6 45. Bg4 Be1 46. Bc8
Bb4 47. Kf5 Ke7 48. Bb7 Be1 49. Bf3 Bb4 50. Kg6 Kf8 51. g4 Bd2 52. Kf5 Ke7 53.
Bd5 Bb4 54. g5 fxg5 55. fxg5 hxg5 56. Kxg5 Bd2+ 57. Kg6 Kf8 58. Bf3 Be1 59. Kf5
Ke7 60. Ke5 Kd7 61. Bg4+ Kc7 62. Kd5 Bb4 63. Ke6 Bd2 64. Bf3 Bb4 65. Kd5 Be1
66. Ke6 Bd2 67. Kd5 Be1 1/2-1/2

[Event "Madrid-ch Veteranos 2016/2017"]
[Site "Madrid ESP"]
[Date "2017.01.16"]
[Round "6.3"]
[White "Marcos Herrero, Francisco"]
[Black "Campos Calvo-Sotelo, Juan"]
[Result "1/2-1/2"]
[WhiteElo "1918"]
[BlackElo "1896"]
[PlyCount "134"]
[EventDate "2017.01.09"]
[EventType "swiss"]
[EventRounds "9"]
[EventCountry "ESP"]
[SourceTitle "Ajedrez en Madrid"]
[Source "lmi"]
[SourceDate "2017.01.09"]

1. d4 b5 2. e4 a6 3. Bd3 e6 4. Nf3 c5 5. c3 Bb7 6. O-O Nf6 7. e5 Nd5 8. dxc5
Bxc5 9. Nbd2 Nc6 10. Ne4 Be7 11. a4 Qb8 12. Re1 h6 13. axb5 axb5 14. Rxa8 Bxa8
15. Qb3 Nxe5 16. Nxe5 Qxe5 17. Bxb5 O-O 18. Bd2 Nf4 19. Ng3 Qg5 20. Bxf4 Qxf4
21. Qc2 d5 22. Bd3 Bd6 23. Qc1 Qh4 24. Qe3 Bf4 25. Qa7 e5 26. Ra1 e4 27. Bf1
Qg5 28. Qd7 Rd8 29. Qb5 h5 30. Ra5 Bc7 31. Ra7 Qe5 32. Qa4 h4 33. Rxa8 Rxa8 34.
Qxa8+ Kh7 35. Qc6 hxg3 36. hxg3 e3 37. Bd3+ g6 38. f4 Qd6 39. Qxd6 Bxd6 40. Kf1
Bc5 41. Ke2 Kg7 42. Bb1 Kf6 43. Ba2 Ke6 44. g4 Kd6 45. g5 Ke6 46. g4 Kd6 47. b4
Bb6 48. c4 dxc4 49. Bxc4 Ke7 50. Kf3 Kf8 51. Ke4 Ke7 52. f5 Ke8 53. Kf3 Ke7 54.
Bd3 gxf5 55. gxf5 Kf8 56. f6 Ke8 57. Ke4 Kd7 58. Kf5 Ke8 59. g6 fxg6+ 60. Kxg6
Kf8 61. Kf5 Kf7 62. Bc4+ Kf8 63. Ke6 Bd4 64. b5 Bb6 65. Kd5 Bc7 66. Kc6 e2 67.
Bxe2 Kf7 1/2-1/2

[Event "Madrid-ch Veteranos 2016/2017"]
[Site "Madrid ESP"]
[Date "2017.01.16"]
[Round "6.4"]
[White "Gonzalez Mateos, Rafael"]
[Black "Alvarez Abejon, Amilcar"]
[Result "1-0"]
[WhiteElo "1955"]
[BlackElo "1979"]
[PlyCount "107"]
[EventDate "2017.01.09"]
[EventType "swiss"]
[EventRounds "9"]
[EventCountry "ESP"]
[SourceTitle "Ajedrez en Madrid"]
[Source "lmi"]
[SourceDate "2017.01.09"]

1. d4 e6 2. c3 f5 3. Nf3 Nf6 4. Bg5 Be7 5. Nbd2 O-O 6. Qc2 b6 7. e4 d5 8. Bxf6
Bxf6 9. exf5 exf5 10. O-O-O c5 11. dxc5 bxc5 12. Nb3 Qd6 13. Bd3 c4 14. Nbd4
cxd3 15. Qxd3 Qf4+ 16. Kb1 Bxd4 17. Nxd4 Qe4 18. Rhe1 Qxd3+ 19. Rxd3 Bd7 20.
Re5 Nc6 21. Rxd5 Nxd4 22. Rxd7 Ne6 23. b4 Rad8 24. a4 Rxd7 25. Rxd7 Rf7 26. Rd6
Re7 27. g3 Kf7 28. Kb2 Ng5 29. f4 Ne4 30. Rc6 Ke8 31. c4 Kd7 32. b5 Re6 33.
Rxe6 Kxe6 34. Kb3 Kd6 35. Kb4 Nc5 36. a5 Ne4 37. a6 Nc5 38. Kc3 Nd7 39. Kd4 Nc5
40. Kc3 Ne6 41. Kb4 g6 42. h3 h6 43. b6 axb6 44. Kb5 Kc7 45. a7 Kb7 46. a8=Q+
Kxa8 47. Kxb6 Kb8 48. Kc6 Nd4+ 49. Kd7 Nb3 50. Ke6 Nd4+ 51. Kf6 Ne2 52. Kxg6
Nxg3 53. Kxh6 Kc7 54. Kg6 1-0

[Event "Madrid-ch Veteranos 2016/2017"]
[Site "Madrid ESP"]
[Date "2017.01.16"]
[Round "6.5"]
[White "Kejo, Janne"]
[Black "Serrano Baylin, Francisco"]
[Result "0-1"]
[WhiteElo "2059"]
[BlackElo "1962"]
[PlyCount "82"]
[EventDate "2017.01.09"]
[EventType "swiss"]
[EventRounds "9"]
[EventCountry "ESP"]
[SourceTitle "Ajedrez en Madrid"]
[Source "lmi"]
[SourceDate "2017.01.09"]

1. e4 e5 2. d3 d6 3. g3 Nf6 4. c3 Be7 5. Bg2 O-O 6. Ne2 c6 7. Nd2 d5 8. Nb3
dxe4 9. dxe4 Qxd1+ 10. Kxd1 a5 11. f3 a4 12. Nd2 Be6 13. Nf1 Rd8+ 14. Ke1 Na6
15. Be3 Nc5 16. Nc1 Rd7 17. Nd2 Rad8 18. Bf1 b5 19. b4 axb3 20. axb3 h6 21. c4
bxc4 22. bxc4 Rb8 23. Ra5 Rbd8 24. g4 Nb7 25. Ra7 Bb4 26. Ncb3 c5 27. Be2 Ne8
28. Kd1 Ned6 29. Kc2 Nc8 30. Ra8 Ne7 31. Rxd8+ Rxd8 32. Ra1 Nc6 33. Rb1 Nd4+
34. Kd1 Nxb3 35. Rxb3 Na5 36. Rxb4 cxb4 37. Bb6 Ra8 38. c5 Nb3 39. Nc4 Ra1+ 40.
Kc2 Nd4+ 41. Kb2 Nxe2 0-1

[Event "Madrid-ch Veteranos 2016/2017"]
[Site "Madrid ESP"]
[Date "2017.01.16"]
[Round "6.6"]
[White "Quintero Torres, Pedro"]
[Black "Cabanas Bravo, Juan Andres"]
[Result "1/2-1/2"]
[WhiteElo "1942"]
[BlackElo "2008"]
[PlyCount "114"]
[EventDate "2017.01.09"]
[EventType "swiss"]
[EventRounds "9"]
[EventCountry "ESP"]
[SourceTitle "Ajedrez en Madrid"]
[Source "lmi"]
[SourceDate "2017.01.09"]

1. e4 e5 2. Nf3 Nc6 3. Bb5 a6 4. Bxc6 dxc6 5. O-O Bg4 6. h3 h5 7. d3 Qf6 8.
Nbd2 Ne7 9. Nc4 Ng6 10. Re1 Bc5 11. Be3 Bxe3 12. fxe3 Be6 13. Na5 O-O-O 14. Rf1
Qe7 15. Qd2 Rh6 16. Qc3 f6 17. Nb3 Kb8 18. Nc5 Bc8 19. b4 Nf8 20. Nh4 g6 21. a4
b6 22. Nb3 Rd6 23. Nd2 Nd7 24. b5 cxb5 25. axb5 a5 26. Qa3 Nc5 27. Nc4 Rd7 28.
Rfb1 Bb7 29. Nxa5 bxa5 30. Qxa5 Qd6 31. b6 c6 32. Qa7+ Kc8 33. Qa2 Qe6 34. Qa3
Qe7 35. Qa2 f5 36. Qg8+ Rd8 37. Nxg6 Qd6 38. Qf7 Rxg6 39. exf5 Rgg8 40. Ra7
Rgf8 41. Qh7 Rd7 42. Qxh5 Na6 43. Qd1 c5 44. e4 Nb4 45. Rba1 Qxb6 46. Ra8+ Bxa8
47. Rxa8+ Kb7 48. Rxf8 c4+ 49. Kh2 cxd3 50. cxd3 Qh6 51. Qa4 Nc6 52. Qa8+ Kc7
53. Rc8+ Kb6 54. Qa3 Qf4+ 55. Kh1 Qf1+ 56. Kh2 Qf4+ 57. Kh1 Qf1+ 1/2-1/2

[Event "Madrid-ch Veteranos 2016/2017"]
[Site "Madrid ESP"]
[Date "2017.01.16"]
[Round "6.7"]
[White "Losada Gonzalez, Andres"]
[Black "Paarup, Torsten"]
[Result "1/2-1/2"]
[WhiteElo "1772"]
[BlackElo "1979"]
[PlyCount "77"]
[EventDate "2017.01.09"]
[EventType "swiss"]
[EventRounds "9"]
[EventCountry "ESP"]
[SourceTitle "Ajedrez en Madrid"]
[Source "lmi"]
[SourceDate "2017.01.09"]

1. e4 c5 2. d4 cxd4 3. c3 dxc3 4. Nxc3 Nc6 5. Nf3 d6 6. Bc4 a6 7. O-O Nf6 8. e5
dxe5 9. Qxd8+ Nxd8 10. Nxe5 Be6 11. Bg5 Bxc4 12. Nxc4 Nc6 13. Bxf6 gxf6 14. Nb6
Rd8 15. Ncd5 e6 16. Nxf6+ Ke7 17. Nh5 Bh6 18. Rfd1 Rxd1+ 19. Rxd1 Rd8 20. Rxd8
Kxd8 21. Nf6 Bg7 22. Nxh7 Bxb2 23. Ng5 Ke7 24. Nc4 Bd4 25. a4 b5 26. axb5 axb5
27. Nd2 f5 28. Ngf3 Bb6 29. Kf1 e5 30. Nb1 e4 31. Nfd2 Nd4 32. g4 Ke6 33. gxf5+
Kxf5 34. Nc3 b4 35. Ncxe4 b3 36. f3 b2 37. Nc3 Ba5 38. Ncb1 Bc7 39. Nc4 1/2-1/2

[Event "Madrid-ch Veteranos 2016/2017"]
[Site "Madrid ESP"]
[Date "2017.01.16"]
[Round "6.8"]
[White "Sanchez Garcia, Aurelio"]
[Black "Martin Martin, Luis Vicente"]
[Result "1-0"]
[WhiteElo "2131"]
[BlackElo "1943"]
[PlyCount "55"]
[EventDate "2017.01.09"]
[EventType "swiss"]
[EventRounds "9"]
[EventCountry "ESP"]
[SourceTitle "Ajedrez en Madrid"]
[Source "lmi"]
[SourceDate "2017.01.09"]

1. Nf3 d5 2. e3 Nf6 3. c4 c6 4. Nc3 e6 5. b3 Bd6 6. Qc2 O-O 7. Bb2 Nbd7 8. Rg1
e5 9. cxd5 cxd5 10. Nb5 Bb8 11. Rc1 a6 12. Nc7 Bxc7 13. Qxc7 Qxc7 14. Rxc7 Re8
15. g4 Re6 16. g5 Ne8 17. Rc1 f5 18. gxf6 Nexf6 19. Bh3 Re8 20. Rc7 g6 21. Nxe5
Nxe5 22. Bxe5 Bxh3 23. Bxf6 Rec8 24. Rg7+ Kf8 25. Ke2 b5 26. Rxh7 Bf5 27. h4 a5
28. h5 1-0

[Event "Madrid-ch Veteranos 2016/2017"]
[Site "Madrid ESP"]
[Date "2017.01.16"]
[Round "6.11"]
[White "Camarero Izquierdo, Juan Carlos"]
[Black "Sotoca Aguado, Jose"]
[Result "0-1"]
[WhiteElo "1732"]
[BlackElo "1924"]
[PlyCount "170"]
[EventDate "2017.01.09"]
[EventType "swiss"]
[EventRounds "9"]
[EventCountry "ESP"]
[SourceTitle "Ajedrez en Madrid"]
[Source "lmi"]
[SourceDate "2017.01.09"]

1. d4 Nf6 2. Nc3 d5 3. Bg5 h6 4. Bh4 c6 5. Qd3 g6 6. f3 Bg7 7. O-O-O a5 8. e4
a4 9. e5 Nh7 10. g4 a3 11. b3 Na6 12. Bh3 Nb4 13. Qd2 Qb6 14. f4 e6 15. Nf3 Bd7
16. Rhg1 Bf8 17. f5 g5 18. fxe6 Bxe6 19. Bf2 Be7 20. Bf1 Qc7 21. Bd3 Nf8 22.
Bf5 Qd7 23. Bxe6 Nxe6 24. Be3 b5 25. h4 gxh4 26. Bxh6 O-O-O 27. Be3 Rdg8 28. g5
Nf8 29. Kb1 Ng6 30. Nh2 Rg7 31. Ng4 h3 32. Nf6 Qe6 33. Ne2 Na6 34. Qa5 Kb7 35.
Ng3 Bb4 36. Ngh5 Bxa5 37. Nxg7 Qe7 38. Nf5 Qf8 39. Nd6+ Ka8 40. Rgf1 Qe7 41.
Bc1 Bc7 42. Nf5 Qf8 43. Rde1 h2 44. Nh6 Qe7 45. Rh1 Qe6 46. Rxh2 c5 47. c3 Bb6
48. Rd2 cxd4 49. Bxa3 b4 50. cxb4 Rc8 51. b5 Nc5 52. Rxd4 Ne4 53. Ra4+ Kb7 54.
Nxe4 dxe4 55. Raxe4 Qd5 56. Nf5 Rc7 57. Nd6+ Ka8 58. Nc4 Qd3+ 59. Ka1 Bd4+ 60.
Bb2 Bf2 61. b6 Bxe1 62. Rxe1 Rc6 63. b7+ Kb8 64. Nd6 Rxd6 65. exd6 Qxd6 66. a3
Kxb7 67. Ka2 Qd2 68. Rf1 Nf4 69. Ka1 Nd3 70. Rxf7+ Kc6 71. Bf6 Nc1 72. Bb2
Nxb3+ 73. Ka2 Nc1+ 74. Kb1 Nd3 75. Rf6+ Kd5 76. Rf5+ Ke4 77. Rb5 Qd1+ 78. Ka2
Qc2 79. g6 Qc4+ 80. Rb3 Nc5 81. g7 Qxb3+ 82. Ka1 Nd3 83. Bf6 Qxa3+ 84. Kb1 Qb3+
85. Ka1 Nb4 0-1

[Event "Madrid-ch Veteranos 2016/2017"]
[Site "Madrid ESP"]
[Date "2017.01.16"]
[Round "6.13"]
[White "Ramos Antona, Enrique"]
[Black "Serrano Garcia, Vicente"]
[Result "0-1"]
[WhiteElo "1593"]
[BlackElo "1807"]
[PlyCount "66"]
[EventDate "2017.01.09"]
[EventType "swiss"]
[EventRounds "9"]
[EventCountry "ESP"]
[SourceTitle "Ajedrez en Madrid"]
[Source "lmi"]
[SourceDate "2017.01.09"]

1. d4 Nf6 2. c4 c5 3. Nf3 e6 4. Nc3 cxd4 5. Nxd4 Bb4 6. a3 Bxc3+ 7. bxc3 O-O 8.
Qc2 d5 9. cxd5 Qxd5 10. f3 b6 11. e4 Qh5 12. Be3 Ba6 13. Be2 Bxe2 14. Qxe2 Nbd7
15. O-O Rac8 16. c4 Nc5 17. g4 Qe5 18. g5 Nfd7 19. Qd2 Qd6 20. Qg2 f5 21. exf5
exf5 22. f4 Rce8 23. Qh3 Qg6 24. Rad1 Re4 25. Nb5 Rfe8 26. Rd6 Rxe3 27. Qg2 Qh5
28. Qd5+ Kh8 29. Nd4 Qg4+ 30. Kh1 Re1 31. Qg2 Qxf4 32. Nf3 Rxf1+ 33. Qxf1 Qxd6
0-1

[Event "Madrid-ch Veteranos 2016/2017"]
[Site "Madrid ESP"]
[Date "2017.01.16"]
[Round "6.14"]
[White "Lopez Heras, Arturo"]
[Black "Bellagamba, Pascal"]
[Result "1-0"]
[WhiteElo "1837"]
[BlackElo "1656"]
[PlyCount "95"]
[EventDate "2017.01.09"]
[EventType "swiss"]
[EventRounds "9"]
[EventCountry "ESP"]
[SourceTitle "Ajedrez en Madrid"]
[Source "lmi"]
[SourceDate "2017.01.09"]

1. d4 Nf6 2. c4 g6 3. Nc3 Bg7 4. e4 d6 5. Nf3 O-O 6. Be2 c6 7. O-O a6 8. a4
Nbd7 9. h3 Qc7 10. Be3 e5 11. d5 c5 12. Qd2 Qb6 13. a5 Qc7 14. Bh6 Nh5 15. g3
Ndf6 16. Kg2 Re8 17. Bxg7 Kxg7 18. Ne1 Qd7 19. Rh1 h6 20. Nc2 Qe7 21. Ne3 Rh8
22. Ng4 Ng8 23. Na4 Ngf6 24. Bf3 Bd7 25. Nb6 Raf8 26. Nxd7 Nxd7 27. Ne3 Ndf6
28. Qe2 Rfg8 29. Bxh5 Nxh5 30. Qxh5 gxh5 31. Nf5+ Kf6 32. Nxe7 Kxe7 33. Ra3 Kf6
34. Rb3 Rb8 35. Rb6 Ke7 36. Re1 Rhg8 37. Re3 Rgd8 38. Reb3 Rd7 39. Rxa6 Rg8 40.
Rab6 f5 41. exf5 Kf6 42. Rxb7 Rxb7 43. Rxb7 Kxf5 44. Kf3 Ra8 45. Rb5 e4+ 46.
Ke3 Ke5 47. Rb3 Rxa5 48. Ra3 1-0